Seleções mais vezes eliminadas na 1ª fase da Copa do Mundo da FIFA - Statistics

Estatísticas Gerais
  • Esse quiz foi jogado 34 vezes
  • A pontuação média é 23 de 28
Estatísticas das Respostas
Vezes Edições Seleção % Correto
7 1930, 1934, 1954, 1966, 1978, 2002, 2010 França
100%
4 1974, 2010, 2014, 2018 Austrália
97%
8 1954, 1986, 1990, 1994, 1998, 2006, 2014, 2018 Coreia do Sul
97%
7 1950, 1954, 1962, 1966, 1974, 2010, 2014 Itália
97%
4 1950, 1962, 1966, 2010 Suíça
97%
7 1930, 1934, 1938, 1954, 1970, 1998, 2022 Bélgica
93%
5 1930, 1950, 1966, 1974, 1982 Chile
93%
5 1934, 1950, 1990, 1998, 2014 Estados Unidos
93%
6 1950, 1982, 2006, 2010, 2018, 2022 Iugoslávia / Sérvia e Montenegro / Sérvia
93%
4 1990, 1994, 2002, 2014 União Soviética / Rússia
93%
4 1962, 1974, 2002, 2022 Uruguai
93%
4 1934, 1958, 1962, 2002 Argentina
90%
7 1982, 1994, 1998, 2002, 2010, 2014, 2022 Camarões
90%
8 1930, 1950, 1954, 1958, 1962, 1966, 1978, 2022 México
90%
5 1962, 1966, 1978, 1998, 2014 Espanha
83%
5 1998, 2002, 2006, 2018, 2022 Arábia Saudita
80%
5 1938, 1958, 1982, 1990, 1998 Áustria
80%
4 1938, 2002, 2006, 2018 Polônia
80%
5 1954, 1958, 1970, 1982, 2006 Tchecoslováquia / República Tcheca
80%
4 1930, 1934, 1938, 1970 Romênia
77%
5 1962, 1966, 1970, 1974, 1998 Bulgária
73%
4 1958, 1978, 1982, 1986 Hungria
73%
4 1970, 1994, 1998, 2018 Marrocos
73%
4 1930, 1950, 1958, 2006 Paraguai
73%
4 2002, 2006, 2018, 2022 Costa Rica
70%
6 1978, 1998, 2006, 2014, 2018, 2022 Irã
70%
6 1978, 1998, 2002, 2006, 2018, 2022 Tunísia
63%
8 1954, 1958, 1974, 1978, 1982, 1986, 1990, 1998 Escócia
50%
Nenhum quiz correspondente encontrado
Distribuição das Pontuações
Porcentagem de Pessoas com Cada Pontuação
Percentil de Números Respondidos
Sua Pontuação Histórica
Você não jogou esse quiz